The shore road mystery

সংরক্ষণ করুন:
গ্রন্থ-পঞ্জীর বিবরন
প্রধান লেখক: DIXON, Franklin W.
বিন্যাস: গ্রন্থ
ভাষা:ইংরেজি
প্রকাশিত: Grosset & Dunlop publishers 1964
ট্যাগগুলো: ট্যাগ যুক্ত করুন
কোনো ট্যাগ নেই, প্রথমজন হিসাবে ট্যাগ করুন!

MARC

LEADER 00000nam a22000007a 4500
008 210609b ||||| |||| 00| 0 eng d
020 |a 0-448-08906-8 
100 |a DIXON, Franklin W. 
245 |a The shore road mystery  |c Franklin W. Dixon.   |e The Hardy boys’ mystery stories  |f 6  |g 178p; ill. 
260 |b Grosset & Dunlop publishers  |c 1964  |h New York  |i 694079   |l P27 .D62   |m Mystery and detective stories. 
942 |a lcc  |c BK  |e YUNUSA, A.A.  |f 09/6/2021 
952 |0 0  |1 0  |2 lcc  |4 0  |6 P0027 D62  |7 0  |9 2546  |a HOL  |b HOL  |c LP  |d 2021-06-09  |l 0  |o P27 .D62  |p 2021-6397  |r 2021-06-09 00:00:00  |w 2021-06-09  |y BK 
999 |c 1327  |d 1327